Five for Tango /

Enregistré dans:
Détails bibliographiques
Auteur principal: Piazzolla, Astor (música)
Collectivité auteur: Cuarteto Latinoamericano (ejecución musical)
Autres auteurs: Olguín, César (ejecución musical) (ejecución musical), Bitrán, Arón (ejecución musical) (ejecución musical), Bitrán, Saúl (ejecución musical) (ejecución musical), Montiel, Javier (ejecución musical) (ejecución musical), Bitrán, Alvaro (ejecución musical) (ejecución musical), Brennan, Juan Arturo (texto del folleto) (texto del folleto)
Format: Audio
Publié: México : Quindecim Recordings, 2000, c2000
Sujets:
Tags: Ajouter un tag
Pas de tags, Soyez le premier à ajouter un tag!

MARC

LEADER 00000njm^a2200000^a^4500
001 000186567
005 20251020000000.0
009 20260310102229.954
037 |a Acervo ITESO - Biblioteca 
041 |a SON 
082 |a 786. 174  |b PIA 
100 |a Piazzolla, Astor  |e (música) 
240 1 4 |a [La muerte del ángel] 
240 1 1 |a [Milonga del ángel] 
240 1 1 |a [Fuga 9, de Astor Piazzolla] 
240 1 1 |a [Five Tango Sensations] 
240 1 1 |a [Divertimento 9, de Astor Piazzolla] 
240 1 1 |a [Four, for Tango] 
245 1 0 |a Five for Tango /  |c Música de A. Piazzolla ; ejecución musical del Cuarteto Latinoamericano ; bandoneón C. Olguín ; violín A. Bitrán, S. Bitrán ; viola J. Montiel ; cello A. Bitrán ; texto del folleto de J.A. Brennan ; tr. por Matthew P. Schubring. 
264 4 |a México :  |b Quindecim Recordings,  |c 2000, c2000 
300 |a 1 disco compacto sonoro (59 min.) +  |e 1 folleto (17 p.) 
336 |a música interpretada  |b prm  |2 rdacontenido 
337 |a audio  |b s  |2 rdamedio 
338 |a disco sonoro  |b sd  |2 rdasoporte 
546 |a Edición bilingüe español-inglés (folleto) 
649 |a XX 
650 |a Músicos Argentinos 
650 |a Artistas Argentinos 
650 |a Bandoneón 
650 |a Instrumentos de Viento 
650 |a Instrumentos Musicales 
650 |a Cuarteto (Música) 
650 |a Tango 
650 |a Música Popular -  |z Argentina 
650 |a Música de Cámara -  |z Argentina 
650 |a Música de Concierto -  |z Argentina 
650 |a Música Argentina -  |y Siglo XX 
650 |a Piazzolla, Astor 
650 |a Olguín, César 
650 |a Bitrán, Arón 
650 |a Bitrán, Saúl 
650 |a Bitrán, Alvaro 
650 |a Montiel, Javier 
650 |a Cuarteto Latinoamericano 
710 |a Cuarteto Latinoamericano  |e (ejecución musical) 
700 |a Olguín, César  |e (ejecución musical) 
700 |a Bitrán, Arón  |e (ejecución musical) 
700 |a Bitrán, Saúl  |e (ejecución musical) 
700 |a Montiel, Javier  |e (ejecución musical) 
700 |a Bitrán, Alvaro  |e (ejecución musical) 
700 |a Brennan, Juan Arturo  |e (texto del folleto) 
910 |a Fondo General 
920 |a Sonoros - CDs 
940 |a CDs de Música 
905 |a 401 
901 |a 0500128304  |b IT2  |c CDM  |u 20250521 
901 |a 0500128307  |b IT2  |c MIM  |u 20251020 
902 |a https://opac.biblio.iteso.mx/vufind/Record/000186567